<?xml version="1.0" encoding="UTF-8"?>
<record
    xmlns:xsi="http://www.w3.org/2001/XMLSchema-instance"
    xsi:schemaLocation="http://www.loc.gov/MARC21/slim http://www.loc.gov/standards/marcxml/schema/MARC21slim.xsd"
    xmlns="http://www.loc.gov/MARC21/slim">

  <leader>00914nam a2200217 a 4500</leader>
  <controlfield tag="001">52363</controlfield>
  <controlfield tag="003">BD-RjUL</controlfield>
  <controlfield tag="005">20211209075807.0</controlfield>
  <controlfield tag="008">160919s1976    ii ||||| |||| 00| 0 ben d</controlfield>
  <datafield tag="035" ind1=" " ind2=" ">
    <subfield code="a">(BD-RjUL)52483</subfield>
  </datafield>
  <datafield tag="040" ind1=" " ind2=" ">
    <subfield code="a">BD-RjUL</subfield>
    <subfield code="b">ben</subfield>
    <subfield code="c">BD-RjUL</subfield>
    <subfield code="d">BD-RjUL</subfield>
  </datafield>
  <datafield tag="041" ind1=" " ind2=" ">
    <subfield code="a">ben</subfield>
  </datafield>
  <datafield tag="082" ind1=" " ind2=" ">
    <subfield code="2">23</subfield>
    <subfield code="a">780.954</subfield>
    <subfield code="b">MUB 1976</subfield>
  </datafield>
  <datafield tag="100" ind1=" " ind2=" ">
    <subfield code="a">&#x9AE;&#x9C1;&#x996;&#x9CB;&#x9AA;&#x9BE;&#x9A7;&#x9CD;&#x9AF;&#x9BE;&#x9AF;&#x9BC;, &#x9A6;&#x9BF;&#x9B2;&#x9BF;&#x9AA;&#x995;&#x9C1;&#x9AE;&#x9BE;&#x9B0;</subfield>
    <subfield code="9">156674</subfield>
  </datafield>
  <datafield tag="245" ind1="1" ind2="0">
    <subfield code="a">&#x9AC;&#x9BE;&#x999;&#x9CD;&#x997;&#x9BE;&#x9B2;&#x9C0;&#x9B0; &#x9B0;&#x9BE;&#x997;-&#x9B8;&#x999;&#x9CD;&#x997;&#x9C0;&#x9A4; &#x99A;&#x9B0;&#x9CD;&#x99A;&#x9BE; /</subfield>
    <subfield code="c">&#x9A6;&#x9BF;&#x9B2;&#x9BF;&#x9AA;&#x995;&#x9C1;&#x9AE;&#x9BE;&#x9B0; &#x9AE;&#x9C1;&#x996;&#x9CB;&#x9AA;&#x9BE;&#x9A7;&#x9CD;&#x9AF;&#x9BE;&#x9AF;&#x9BC;</subfield>
  </datafield>
  <datafield tag="260" ind1=" " ind2=" ">
    <subfield code="a">&#x995;&#x9B2;&#x9BF;&#x995;&#x9BE;&#x9A4;&#x9BE; :</subfield>
    <subfield code="b">&#x9AB;&#x9BE;&#x9B0;&#x9CD;&#x9AE;&#x9BE; &#x995;&#x9C7; &#x98F;&#x9B2; &#x98F;&#x9AE; &#x9AA;&#x9CD;&#x9B0;&#x9BE;&#x987;&#x9AD;&#x9C7;&#x99F; &#x9B2;&#x9BF;&#x9AE;&#x9BF;&#x99F;&#x9C7;&#x9A1;,</subfield>
    <subfield code="c">&#x9E7;&#x9EF;&#x9ED;&#x9EC;</subfield>
  </datafield>
  <datafield tag="300" ind1=" " ind2=" ">
    <subfield code="a">(&#x9E7;&#x9EA;), &#x9EA;&#x9EF;&#x9E6; &#x9AA;&#x9C3;. :</subfield>
    <subfield code="b">&#x99A;&#x9BF;&#x9A4;&#x9CD;&#x9B0; ;</subfield>
    <subfield code="c">&#x9E8;&#x9E7; &#x9B8;&#x9C7;&#x9AE;&#x9BF;</subfield>
  </datafield>
  <datafield tag="650" ind1=" " ind2=" ">
    <subfield code="a">&#x9B8;&#x999;&#x9CD;&#x997;&#x9C0;&#x9A4;</subfield>
    <subfield code="z">&#x9AD;&#x9BE;&#x9B0;&#x9A4;</subfield>
    <subfield code="9">156675</subfield>
  </datafield>
  <datafield tag="650" ind1=" " ind2=" ">
    <subfield code="a">Music</subfield>
    <subfield code="z">India</subfield>
    <subfield code="9">156676</subfield>
  </datafield>
  <datafield tag="942" ind1=" " ind2=" ">
    <subfield code="2">ddc</subfield>
    <subfield code="c">BK</subfield>
    <subfield code="0">1</subfield>
  </datafield>
  <datafield tag="999" ind1=" " ind2=" ">
    <subfield code="c">52363</subfield>
    <subfield code="d">52363</subfield>
  </datafield>
  <datafield tag="952" ind1=" " ind2=" ">
    <subfield code="0">0</subfield>
    <subfield code="1">0</subfield>
    <subfield code="2">ddc</subfield>
    <subfield code="4">0</subfield>
    <subfield code="7">0</subfield>
    <subfield code="8">NFIC</subfield>
    <subfield code="a">RUCL</subfield>
    <subfield code="b">RUCL</subfield>
    <subfield code="c">Stack</subfield>
    <subfield code="d">1981-09-21</subfield>
    <subfield code="e">India International, kolikata.</subfield>
    <subfield code="g">30.00</subfield>
    <subfield code="l">1</subfield>
    <subfield code="o">B 780.954 MUB 1976</subfield>
    <subfield code="r">2018-02-07 00:00:00</subfield>
    <subfield code="s">2017-10-11</subfield>
    <subfield code="t">C-2</subfield>
    <subfield code="w">2016-09-19</subfield>
    <subfield code="y">BK</subfield>
  </datafield>
  <datafield tag="952" ind1=" " ind2=" ">
    <subfield code="0">0</subfield>
    <subfield code="1">0</subfield>
    <subfield code="2">ddc</subfield>
    <subfield code="4">0</subfield>
    <subfield code="7">0</subfield>
    <subfield code="8">NFIC</subfield>
    <subfield code="a">RUCL</subfield>
    <subfield code="b">RUCL</subfield>
    <subfield code="c">Stack</subfield>
    <subfield code="d">1978-01-23</subfield>
    <subfield code="e">Uttarbanga Library, Rajshahi</subfield>
    <subfield code="g">75.00</subfield>
    <subfield code="l">1</subfield>
    <subfield code="o">B 780.954 MUB 1976</subfield>
    <subfield code="r">2017-03-08 00:00:00</subfield>
    <subfield code="s">2017-02-28</subfield>
    <subfield code="t">C-3</subfield>
    <subfield code="w">2016-09-21</subfield>
    <subfield code="y">BK</subfield>
  </datafield>
</record>
